| 000 | 01221nam a2200325 i 4500 | ||
|---|---|---|---|
| 003 | DO-SdBNP | ||
| 005 | 20230519135113.0 | ||
| 007 | ta | ||
| 008 | 230519b1998 sp a|||| |||| 00| 0 spa d | ||
| 020 | _a8481091650 | ||
| 020 | _a8422670534 | ||
| 040 |
_aDO-SdBNP _bspa _cBNPHU _erda |
||
| 082 | 4 | _222 | |
| 245 | 0 | 0 |
_aEspaña en 1898 las claves del desastre / _beditores, Pedro Laín Entralgo, Carlos Seco Serrano ; colaboradores José Luis Abellán, Santiago Alcolea Gil, Miguel Alonso Baquer |
| 264 |
_aBarcelona : _bGalaxia Gutemberg : _bCírculo de Lectora, _c1198. |
||
| 300 |
_a334 páginas : _bilustraciones, _c22 cm. |
||
| 336 |
_2rdacontent _atexto _btxt |
||
| 337 |
_2rdamedia _asin mediación _bn |
||
| 338 |
_2rdacarrier _avolumen _bnc |
||
| 500 | _aIncluye índices | ||
| 500 | _aIncluye referencias bibliográficas y notas al pie de las páginas | ||
| 590 | _aInventariado, 2023/BT | ||
| 700 | 1 |
_aLaín Entralgo, Pedro _eeditor _93059 |
|
| 700 | 1 |
_aSeco Serrano, Carlos, _eeditor _967658 |
|
| 700 | 1 |
_aAbellán, José Luis _ecolaborador _969730 |
|
| 700 | 1 |
_aAlcolea Gil, Santiago, _ecolaborador _983423 |
|
| 700 | 1 |
_aBaquer, Miguel Alonso, _ecolaborador _983424 |
|
| 910 | _aBtavárez | ||
| 942 |
_2ddc _cLBS1 |
||
| 999 |
_c53577 _d53577 |
||